000 00747nam a2200229 i 4500
001 105827
003 ES-MaACL
007 t|
008 060831s1951 fr ||||1| fre d
080 _a331.105.42/.44(44)
100 1 _aCollinet, Michel.
_939720
245 1 2 _aL'ouvrier français
_b: esprit du syndicalisme (essai) /
_cMichel Collinet ; avant-propos par Edouard Dolléans.
260 _aParis :
_bLes Editions Ouvrières,
_c[1951]
300 _a229 p. ;
_c19 cm.
490 1 _aMasses et militants
500 _aBiblioteca Juan Andrade.
650 1 4 _aSindicatos-
_zFrancia.
_917122
700 1 _aDolléans, Edouard.
_945030
830 0 _aMasses et militants
_9185112
852 _aES-MaACL
_jAND-645
_bR.109943
999 _c105827
_d105827